00427nam a2200145Ia 4500008004100000020001500041041000800056082001800064100002200082245009900104250000600203260005200209300001200261650000800273210716s2003 xx 000 0 und d a8120324242 aeng a005.2764 DUTG aDuthie, G Andrew. aMicrosoft asp .net programming with microsoft visual basic .net : step by step.bStep by step. a1 aNew DelhibPrentice Hall of India PVt Ltdc2003 axvi,600 aASP